000 01211nam a22003257a 4500
003 CHAP
005 20220329141125.0
008 971010s1982 r 00010 d
010 _a62964
011 _a63936
035 _a68762
040 _cCHAP
082 _a338.763
_bM44
110 _aMéxico. Dirección General para el Desarrollo Agroindustrial
_977057
245 _aGuía para la formulación, evaluación y presentación de proyectos agroindustriales
260 _aMéxico, D.F. :
_bLa Direcciòn,
_c1982
300 _a148 p. gráfs.
490 _aDocumentos técnicos para el desarrollo agroindustriaL
_v; 2
590 _aBATCH-UPD
_b10
_c20130110
_lUCH01
_h1258
590 _aBATCH-UPD
_b10
_c20130410
_lUCH01
_h0817
590 _aBATCH-UPD
_b10
_c20130914
_lUCH01
_h1637
590 _aCONVERSION
_b10
_c20130109
_lUCH01
_h1334
650 1 4 _aIndustrias agrícolas.
_957925
650 1 4 _aProyectos industriales.
_992531
830 0 _aDocumentos técnicos para el desarrollo agroindustriaL
_v; 2
_933294
901 _aBK
942 _cLIBRO
949 _a338.763 M44
_bBC
_cLIBRO
_d33724000577938
_eLIBRO
_fc.2
_h60819
_i68762
_si
949 _a338.763 M44
_bBC
_cLIBRO
_d33724000683991
_eLIBRO
_h59216
_i68762
_si
999 _c62964
_d62964